000 01462nam a22003737a 4500
003 CHAP
005 20220329140854.0
008 971013s1971 r 00010 d
010 _a59037
011 _a60009
035 _a64169
040 _cCHAP
082 _a591
_bC4
100 0 0 _aCendrero Curiel, Luis.
_920955
245 _aZoología hispanoamericana
260 _aMéxico, D. F. :
_bPorrúa,
_c1971-72
300 _a2 v.
_b: ilus.
505 _aContenido : v. 1 Invertebrados. -- v.2 Vertebrados
590 _aBATCH-UPD
_b10
_c20130110
_lUCH01
_h0746
590 _aCONVERSION
_b10
_c20130109
_lUCH01
_h1332
650 1 4 _aInvertebrados.
_960203
650 1 4 _aVertebrados.
_9118965
901 _aBK
942 _cLIBRO
949 _a591 C4
_bBC
_cLIBRO
_d-139839
_eLIBRO
_fv.2 c.3
_h35433
_i64169
_si
949 _a591 C4
_bBC
_cLIBRO
_d-139841
_eLIBRO
_fv.2 c.4
_h47231
_i64169
_si
949 _a591 C4
_bBC
_cLIBRO
_d33724000756169
_eLIBRO
_fv.1 c.2
_h35430
_i64169
_si
949 _a591 C4
_bBC
_cLIBRO
_d33724000827671
_eLIBRO
_fv.2 c.2
_h35431
_i64169
_si
949 _a591 C4
_bBC
_cLIBRO
_d33724000827697
_eLIBRO
_fv.1
_h16098 rep.
_i64169
_si
949 _a591 C4
_bBC
_cLIBRO
_d33724000907028
_eLIBRO
_fv.1 c.3
_h35432
_i64169
_si
949 _a591 C4
_bBC
_cLIBRO
_d33724000960183
_eLIBRO
_fv.1 c.4
_h47846 rep.
_i64169
_so
949 _a591 C4
_bBC
_cLIBRO
_d33724002009702
_eLIBRO
_fv.2
_h27643
_i64169
_si
949 _a591 C4
_bBC
_cLIBRO
_d33724002047660
_eLIBRO
_fv.1 c.5
_h108901
_i64169
_si
999 _c59037
_d59037